Paolo VI e l'ecumenismo : (Record n. 27426)

Dettagli MARC
000 -LEADER
fixed length control field 00971nam a2200265 i 4500
003 - CONTROL NUMBER IDENTIFIER
control field IT-RoINE
005 - DATE AND TIME OF LATEST TRANSACTION
control field 20181105104102.0
008 - FIXED-LENGTH DATA ELEMENTS--GENERAL INFORMATION
fixed length control field 060329s2001 it r 1 | ita d
020 ## - INTERNATIONAL STANDARD BOOK NUMBER
International Standard Book Number 8838238774
040 ## - CATALOGING SOURCE
Original cataloging agency FTG
Transcribing agency IT-RoINE
Modifying agency IT-RoINE
245 00 - TITLE STATEMENT
Title Paolo VI e l'ecumenismo :
Remainder of title colloquio internazionale di studio, Brescia, 25-26-27 settembre 1998.
260 ## - PUBLICATION, DISTRIBUTION, ETC. (IMPRINT)
Place of publication, distribution, etc Brescia :
-- Istituto Paolo VI ;
Name of publisher, distributor, etc Roma :
-- Studium,
Date of publication, distribution, etc 2001.
300 ## - PHYSICAL DESCRIPTION
Extent X, 418 p. ;
Dimensions 27 cm.
336 ## - CONTENT TYPE
Source rdacontent
Content type term text
337 ## - MEDIA TYPE
Source rdamedia
Media type term unmediated
338 ## - CARRIER TYPE
Source rdacarrier
Carrier type term volume
490 1# - SERIES STATEMENT
Series statement Pubblicazioni dell'Istituto Paolo VI ;
Volume number/sequential designation 23
500 ## - GENERAL NOTE
General note Incluye índice.
504 ## - BIBLIOGRAPHY, ETC. NOTE
Bibliography, etc Incluye referencias bibliográficas.
546 ## - LANGUAGE NOTE
Language note Texto en italiano, ingles, francés, alemán y español.
600 04 - SUBJECT ADDED ENTRY--PERSONAL NAME
Personal name Pablo
Numeration VI,
Titles and other words associated with a name Papa, Santo,
Dates associated with a name 1897-1978
Form subdivision Congresos
9 (RLIN) 38128
650 #4 - SUBJECT ADDED ENTRY--TOPICAL TERM
Topical term or geographic name as entry element Ecumenismo
Form subdivision Congresos
9 (RLIN) 3749
830 #0 - SERIES ADDED ENTRY--UNIFORM TITLE
9 (RLIN) 20777
Uniform title Pubblicazioni dell'Istituto Paolo VI ;
Volume number/sequential designation 23
942 ## - ADDED ENTRY ELEMENTS (KOHA)
Item type Monografías
Dati di copia
Withdrawn status Lost status Damaged status Not for loan Home library Current library Date acquired Total Checkouts Full call number Barcode Date last seen Price effective from Koha item type
        Iglesia Nacional Española en Roma Iglesia Nacional Española en Roma 05/11/2018   TEO 2187 53170 05/11/2018 05/11/2018 Monografías